|
|
|
|
| LEADER |
00000nab a2200000 a 4500 |
| 001 |
vtls000675538 |
| 003 |
SK-MaSNL |
| 005 |
20260302190547.0 |
| 008 |
040806c1998 xo 0 slo |
| 015 |
|
|
|a SNBRB1998/11-24240
|
| 035 |
|
|
|a CLN000027712
|
| 040 |
|
|
|a SNKBUCL
|b slo
|c SNKBUCL
|e AACR2
|
| 041 |
0 |
|
|a slo
|
| 044 |
|
|
|a xo
|c SK
|
| 080 |
|
|
|a 355.333(048)
|2 UDC-MRF-SK2
|
| 080 |
|
|
|a 943.76-051"19"(048)
|2 UDC-MRF-SK2
|
| 100 |
1 |
|
|a Krokavec, Stanislav
|4 aut
|9 904840
|
| 245 |
1 |
0 |
|a Generál Ferdinand Čatloš
|b nad novou obsahovo bohatou publikáciou, plnou informácií od Václava Štefanovského
|c Stanislav Krokavec
|
| 600 |
1 |
7 |
|a Čatloš, Ferdinand,
|d 1895-1972
|2 snkbucl
|9 116373
|
| 650 |
0 |
7 |
|a biografie
|2 snkbucl
|9 111226
|
| 655 |
|
7 |
|a recenzie
|2 snkbucl
|9 21907
|
| 773 |
0 |
|
|t Slovenská republika
|g Roč. 6, č. 268 (19.11.1998), s. 9
|
| 787 |
0 |
8 |
|i Rec.:
|a Štefanský, Václav, 1951-
|t Generál Ferdinand Čatloš
|d Bratislava : Vojenská informačná a tlačová agentúra, 1998
|z 8088842131
|
| 850 |
|
|
|a Slovenská národná knižnica v Martine
|
| 852 |
|
|
|a SNK
|b KIS3GCP
|
| 999 |
|
|
|c 1433877
|d 1435807
|